000 00586nam a2200181 a 4500
001 000019364
005 20200929170008.0
008 100626s1990 pr r 000 0 spa d
020 _a0865814511
040 _aDO-SdBNP
_bspa
_cBNPHU
082 _axxx
_bS612C
245 0 0 _aSimposio :
_bClemente Soto Vélez /
_cedición Carlos Rodríguez.
260 _aSan Juan, Puerto Rico :
_bInstituto de Cultura Puertorriqueña,
_c1990.
300 _a140 p. ;
_c27 cm.
500 _aIncluye datos biográficos de Clemente Soto Vélez.
700 1 _aRodríguez, Carlos,
_eed.
_941606
049 _aBNGR
999 _c18881
_d18881